Fisheries techniques
Збережено в:
| Автори: | , |
|---|---|
| Формат: | Книга |
| Мова: | Англійська |
| Опубліковано: |
Bethesda
American Fisheries Society
1992
|
| Предмети: | |
| Теги: |
Додати тег
Немає тегів, Будьте першим, хто поставить тег для цього запису!
|
MARC
| LEADER | 00000nam a2200000 a 4500 | ||
|---|---|---|---|
| 001 | UCY3173 | ||
| 003 | CL-VaPUC | ||
| 008 | 941214e19920000US |||||||||||||||||eng|d | ||
| 082 | 0 | 4 | |a 639.2 |b NIE |2 21 |
| 100 | |a Nielsen, Larry A. |e author |9 331395 | ||
| 700 | |a Johnson, David Lawrence |e author |9 331396 | ||
| 245 | 1 | 0 | |a Fisheries techniques |
| 300 | |a 468 p | ||
| 942 | |c BK | ||
| 945 | |d 19941214 00:00:00 |a mfernand | ||
| 260 | |a Bethesda |b American Fisheries Society |c 1992 | ||
| 650 | 0 | |a Industria pesquera |9 255432 | |
| 650 | 7 | |a PECES |2 CL-VaPUC |9 331397 | |
| 583 | |a last modification |c 20120821 11:08:28 |k Rodrigo Vera | ||
| 999 | |c 231386 |d 231384 | ||
| 952 | |0 0 |1 0 |4 0 |6 639_200000000000000_NIE_1992 |7 0 |8 CCM |9 234615 |a BIBCUR |b BIBCUR |d 2019-11-15 |i 3042154 |o 639.2 NIE 1992 |p 3042154 |r 2025-04-22 |w 2019-11-15 |y BK |k CIM | ||